LEADER 02778nam 22004333a 450 001 9910886956703321 005 20260115162659.0 035 $a(CKB)5670000001008523 035 $a(ScCtBLL)506d3374-f187-45cf-871f-68bf5ba78afd 035 $a(EXLCZ)995670000001008523 100 $a20260115i20242025 uu 101 0 $aeng 135 $auru|||||||||| 181 $ctxt$2rdacontent 182 $cc$2rdamedia 183 $acr$2rdacarrier 200 00$aInside Asylum Appeals : $eAccess, Participation and Procedure in Europe /$fNick Gill 210 1$a[s.l.] :$cTaylor & Francis,$d2024. 215 $a1 online resource 311 08$a9781040106617 311 08$a1040106617 330 $a<p>Appeals are a crucial part of Europe's asylum system but they remain poorly understood. Building on insights and perspectives from legal geography and socio-legal studies, this book shines a light on what takes place during asylum appeals and puts forward suggestions for improving their fairness and accessibility. Drawing on hundreds of ethnographic observations of appeal hearings, as well as research interviews, the authors paint a detailed picture of the limitations of refugee protection available through asylum appeals. Refugee law can appear dependable and reliable in policy documents and legal texts. However, this work reveals that, in reality, myriad social, political, psychological, linguistic, contextual and economic factors interfere with and frequently confound the protection that refugee law promises during its concrete enactment. Drawing on evidence from Austria, Belgium, France, Germany, Greece, Italy and the United Kingdom, the book equips readers with a clear sense of the fragility of legal protection for people forced to migrate to Europe. The book will appeal to scholars of migration studies, legal studies, legal geography and the social sciences generally, as well as practitioners in asylum law throughout Europe and beyond.</p><p>This book is freely available as a downloadable Open Access PDF at http://www.taylorfrancis.com under a Creative Commons Attribution-Non Commercial-No Derivatives (CC-BY-NC-ND) 4.0 license.</p> 606 $aLaw / Civil Rights$2bisacsh 606 $aSocial Science / Human Geography$2bisacsh 606 $aSocial Science / Emigration & Immigration$2bisacsh 606 $aSocial sciences 606 $aLaw 615 7$aLaw / Civil Rights 615 7$aSocial Science / Human Geography 615 7$aSocial Science / Emigration & Immigration 615 0$aSocial sciences 615 0$aLaw 700 $aGill$b Nick$0784212 801 0$bScCtBLL 801 1$bScCtBLL 906 $aBOOK 912 $a9910886956703321 996 $aInside Asylum Appeals$94534060 997 $aUNINA